[Event "IBCA World Individual Chess Championship"]
[Site "Rzeszow"]
[Date "2025.??.??"]
[Round "3.14"]
[White "Schellmann, Frank"]
[Black "Horbal, Jozef"]
[Result "1/2-1/2"]
[WhiteElo "1972"]
[BlackElo "1829"]
[PlyCount "69"]
[EventDate "2025.??.??"]

1. e4 e6 2. d4 d5 3. e5 c5 4. c3 Qb6 5. Nf3 Bd7 6. a3 cxd4 7. cxd4 Bb5 8. Bxb5+
Qxb5 9. Nc3 Qa6 10. Bd2 Nc6 11. b4 Qb6 12. Qa4 Nge7 13. b5 Nd8 14. O-O Rc8 15.
Ne2 Rc4 16. Qb3 Nec6 17. Rfc1 Rxc1+ 18. Rxc1 a6 19. a4 axb5 20. axb5 Be7 21. g3
Na7 22. Rb1 Nc8 23. Qa4 O-O 24. Qa5 Qxa5 25. Bxa5 f6 26. exf6 gxf6 27. h4 Bd6
28. Rc1 Ne7 29. Bc7 Nf7 30. Bxd6 Nxd6 31. Rc7 Rf7 32. Rd7 Nxb5 33. Rxb7 Nd6 34.
Rd7 Nc4 35. Rd8+ 1/2-1/2

[Event "IBCA World Individual Chess Championship"]
[Site "Rzeszow"]
[Date "2025.??.??"]
[Round "3.17"]
[White "Chojnowski, Marcin"]
[Black "Melnik, Stefan"]
[Result "1/2-1/2"]
[WhiteElo "1935"]
[BlackElo "1797"]
[PlyCount "127"]
[EventDate "2025.??.??"]

1. e4 e5 2. Nf3 Nc6 3. Bb5 a6 4. Ba4 Nf6 5. d3 b5 6. Bb3 Be7 7. a4 Rb8 8. axb5
axb5 9. O-O O-O 10. Nc3 d6 11. Nd5 Nxd5 12. Bxd5 Nb4 13. Bb3 c5 14. c3 Nc6 15.
Bd5 Qc7 16. Be3 b4 17. d4 Bb7 18. dxc5 dxc5 19. Qa4 bxc3 20. bxc3 Bd6 21. Rfb1
Ne7 22. Bxb7 Rxb7 23. Rxb7 Qxb7 24. Qa6 Qb2 25. Rd1 Nc8 26. Qc4 Nb6 27. Qd3 Nc8
28. Nd2 Qb8 29. Nc4 Be7 30. Qd5 Qb3 31. Qd3 Qb8 32. Rb1 Qc7 33. Qd5 Rd8 34.
Qxe5 Qb7 35. Rf1 Bf6 36. Qf5 Ne7 37. Qg4 Bxc3 38. Bxc5 Ng6 39. Qg3 Bf6 40. e5
Bh4 41. Qg4 Qd5 42. Bd6 h5 43. Rd1 hxg4 44. Rxd5 Nf4 45. Rd1 Rc8 46. Ne3 Bd8
47. Nxg4 Bb6 48. g3 Ne6 49. Ne3 Bxe3 50. fxe3 Rc3 51. Kf2 Rc2+ 52. Kf3 Rxh2 53.
Rc1 Kh7 54. Rb1 Kg6 55. Rb7 Rc2 56. Rb4 Kf5 57. g4+ Kg6 58. Ke4 Rd2 59. Be7 Rd1
60. Rb5 Rd2 61. Rd5 Ng5+ 62. Bxg5 Rxd5 63. Kxd5 Kxg5 64. e4 1/2-1/2

[Event "IBCA World Individual Chess Championship"]
[Site "Rzeszow"]
[Date "2025.??.??"]
[Round "3.18"]
[White "Drazetic, Novica"]
[Black "Egeman, Emilia"]
[Result "0-1"]
[WhiteElo "1751"]
[BlackElo "1933"]
[PlyCount "66"]
[EventDate "2025.??.??"]

1. e4 c5 2. c3 d5 3. exd5 Qxd5 4. d4 Nf6 5. Nf3 Bg4 6. Be2 e6 7. O-O Nc6 8. h3
Bh5 9. Be3 cxd4 10. cxd4 Be7 11. Nc3 Qd6 12. Nb5 Qd8 13. Nc3 O-O 14. Rc1 Nb4
15. Ne5 Bxe2 16. Qxe2 Nbd5 17. Nxd5 Nxd5 18. Nd3 Qb6 19. Nc5 Rfd8 20. Ne4 Qa5
21. a3 h6 22. Qg4 f5 23. Qg6 fxe4 24. Qxe6+ Kh8 25. Qxe4 Qb6 26. Rc2 Qd6 27.
Rfc1 Bf6 28. Qg4 Qd7 29. Qf3 Rf8 30. Rc5 Rad8 31. Qh5 Qf7 32. Qf5 Nxe3 33. fxe3
Bxd4 0-1

[Event "IBCA World Individual Chess Championship"]
[Site "Rzeszow"]
[Date "2025.??.??"]
[Round "3.20"]
[White "Abdullayev, Amrillo"]
[Black "Polnar, Josef"]
[Result "1-0"]
[WhiteElo "1914"]
[BlackElo "1777"]
[PlyCount "57"]
[EventDate "2025.??.??"]

1. e4 c5 2. c3 d6 3. d4 cxd4 4. cxd4 g6 5. Nc3 Bg7 6. h3 Nf6 7. Nf3 O-O 8. Be2
Nc6 9. d5 Nb8 10. O-O Nbd7 11. Be3 a6 12. Nd4 Nc5 13. Qc2 Kh8 14. b4 Ncd7 15.
f4 Re8 16. Rad1 e6 17. dxe6 fxe6 18. Qb3 Qe7 19. Nf3 Nh5 20. g4 Nhf6 21. Bd4 e5
22. fxe5 Nxe5 23. Nxe5 dxe5 24. Bc5 Qc7 25. g5 Ng8 26. Rf7 Qc6 27. Bc4 Be6 28.
Bxe6 Rxe6 29. Rdd7 1-0

[Event "IBCA World Individual Chess Championship"]
[Site "Rzeszow"]
[Date "2025.??.??"]
[Round "3.21"]
[White "Migala, Andrzej"]
[Black "Zhakov, Aleksandr"]
[Result "1-0"]
[WhiteElo "1884"]
[BlackElo "1686"]
[PlyCount "129"]
[EventDate "2025.??.??"]

1. e4 d6 2. d4 Nf6 3. Nc3 e5 4. Nf3 Nc6 5. d5 Nb8 6. h3 Be7 7. Be3 O-O 8. Bd3
c6 9. dxc6 Nxc6 10. O-O a6 11. a4 h6 12. Qe2 Be6 13. Rfd1 Qa5 14. Bc4 Bxc4 15.
Qxc4 Rac8 16. Qb3 Qb4 17. Qxb4 Nxb4 18. Ne1 Rc4 19. f3 Rfc8 20. Kf2 Kf8 21. Rd2
Nh5 22. g3 R4c6 23. h4 Nf6 24. Rad1 Ke8 25. Ke2 Nd7 26. Nd3 Nxd3 27. Rxd3 Nb6
28. Bxb6 Rxb6 29. Rb1 Rbc6 30. Kd1 Bd8 31. Ne2 Ke7 32. c3 a5 33. b3 Bb6 34. Ke1
Bc5 35. c4 f6 36. Rbd1 Bb4+ 37. Kf1 R6c7 38. Nc3 Bxc3 39. Rxc3 b5 40. axb5 a4
41. bxa4 Rxc4 42. Rxc4 Rxc4 43. Ra1 Rb4 44. a5 Rxb5 45. a6 Rb8 46. a7 Ra8 47.
Ke2 Kd7 48. Kd3 g6 49. Kc4 Kc6 50. Ra3 f5 51. g4 h5 52. gxh5 gxh5 53. Ra2 fxe4
54. fxe4 Kb6 55. Kd5 Kc7 56. Ra3 Kd7 57. Rg3 Kc7 58. Rg7+ Kb6 59. Kxd6 Re8 60.
Re7 Ra8 61. Kxe5 Rxa7 62. Rxa7 Kxa7 63. Kd6 Kb7 64. Kd7 Kb6 65. e5 1-0

[Event "IBCA World Individual Chess Championship"]
[Site "Rzeszow"]
[Date "2025.??.??"]
[Round "3.22"]
[White "Muratova, Aliya"]
[Black "Gulamov, Ilkhom"]
[Result "0-1"]
[WhiteElo "1471"]
[BlackElo "1910"]
[PlyCount "45"]
[EventDate "2025.??.??"]

1. d4 e5 2. dxe5 d6 3. Nf3 Bg4 4. Bf4 Nc6 5. exd6 Qf6 6. d7+ Bxd7 7. Qc1 Bd6 8.
Qe3+ Nge7 9. Bxd6 Qxb2 10. Bxe7 Nxe7 11. Qa3 Qxa1 12. Nfd2 Qf6 13. Qc3 Qxc3 14.
Nxc3 O-O-O 15. e4 Nc6 16. a3 f5 17. Bd3 Ne5 18. O-O Nxd3 19. cxd3 Bc6 20. Re1
Rxd3 21. Ndb1 Re8 22. h3 Re5 23. a4 0-1

[Event "IBCA World Individual Chess Championship"]
[Site "Rzeszow"]
[Date "2025.??.??"]
[Round "3.23"]
[White "Kuanyshuly, Nurgisa"]
[Black "Sanchez Ruiz, Piedad Esmeralda"]
[Result "1-0"]
[WhiteElo "1767"]
[BlackElo "1733"]
[PlyCount "71"]
[EventDate "2025.??.??"]

1. e4 c5 2. c3 Nf6 3. e5 Nd5 4. Nf3 e6 5. d4 cxd4 6. cxd4 d6 7. a3 Bd7 8. Bd3
Bc6 9. O-O Nd7 10. Nc3 Nxc3 11. bxc3 dxe5 12. dxe5 Be7 13. Bf4 Qa5 14. c4 Rd8
15. Qe2 Bxf3 16. gxf3 g5 17. Bg3 Nc5 18. Rfd1 Nxd3 19. Rxd3 Rxd3 20. Qxd3 Qc7
21. Qe3 Qc5 22. Qe4 Qc8 23. Rb1 b6 24. a4 O-O 25. Qg4 Kh8 26. Qe4 Rg8 27. a5
Bc5 28. axb6 axb6 29. f4 gxf4 30. Qxf4 Qe8 31. Rd1 Rg6 32. h4 Be7 33. Ra1 h5
34. Qf3 Rg4 35. Ra8 Qxa8 36. Qxa8+ 1-0

[Event "IBCA World Individual Chess Championship"]
[Site "Rzeszow"]
[Date "2025.??.??"]
[Round "3.24"]
[White "Polnarova, Tatana"]
[Black "Ikromalieva, Sabokhat"]
[Result "0-1"]
[WhiteElo "1737"]
[BlackElo "1574"]
[PlyCount "52"]
[EventDate "2025.??.??"]

1. e4 c5 2. Nf3 g6 3. d4 cxd4 4. Nxd4 Nc6 5. Be3 Nf6 6. Nc3 d6 7. h3 Bd7 8. Bd3
Bg7 9. O-O Ng4 10. hxg4 Nxd4 11. Rb1 O-O 12. Bc4 Nc6 13. Nd5 Rc8 14. c3 Bxg4
15. Qxg4 Ne5 16. Qe2 Nxc4 17. Bxa7 b6 18. b3 e6 19. bxc4 exd5 20. cxd5 Rxc3 21.
Bxb6 Qh4 22. Rfc1 Be5 23. g3 Bxg3 24. Qe1 Bh2+ 25. Kf1 Qh3+ 26. Ke2 Qd3# 0-1

[Event "IBCA World Individual Chess Championship"]
[Site "Rzeszow"]
[Date "2025.??.??"]
[Round "3.25"]
[White "Spionkowski, Fabian"]
[Black "Galani, Mahendra"]
[Result "1-0"]
[WhiteElo "1823"]
[BlackElo "1593"]
[PlyCount "45"]
[EventDate "2025.??.??"]

1. e4 d6 2. d4 Nf6 3. Nc3 c6 4. f4 Qc7 5. Nf3 e5 6. fxe5 dxe5 7. Nxe5 Bb4 8.
Bd3 O-O 9. O-O Rd8 10. Be3 Qb6 11. Qf3 Be6 12. Kh1 Qc7 13. Ne2 Bd6 14. Bg5 Be7
15. Bc4 Bxc4 16. Nxc4 Rf8 17. Bxf6 Bxf6 18. e5 Bg5 19. Qg4 Qe7 20. Ng3 Kh8 21.
Nd6 Bh6 22. Nxf7+ Rxf7 23. Qc8+ 1-0

[Event "IBCA World Individual Chess Championship"]
[Site "Rzeszow"]
[Date "2025.??.??"]
[Round "3.26"]
[White "Hogan, Gary"]
[Black "Lherbon De Lussats, Jean"]
[Result "1-0"]
[WhiteElo "1737"]
[BlackElo "1529"]
[PlyCount "99"]
[EventDate "2025.??.??"]

1. c4 Nf6 2. g3 g6 3. Bg2 Bg7 4. Nc3 c5 5. e4 e5 6. Nge2 Nc6 7. O-O O-O 8. d3
d6 9. f4 Bg4 10. h3 Bd7 11. f5 Qc8 12. g4 h5 13. g5 Nh7 14. f6 Bh8 15. Kh2 Re8
16. Nd5 Nf8 17. a3 Ne6 18. Be3 Kh7 19. b4 b6 20. b5 Ncd4 21. Ng3 a6 22. Nxb6
Qb7 23. Nxa8 Rxa8 24. a4 axb5 25. axb5 Rxa1 26. Qxa1 Nc2 27. Qc1 Nxe3 28. Qxe3
Nd4 29. Qd2 Qa7 30. Qb2 Qb6 31. Ra1 Bc8 32. Nf1 Bb7 33. Ne3 Ne6 34. h4 Nc7 35.
Qa2 Nxb5 36. cxb5 Qxb5 37. Qb1 Qc6 38. Ra7 Bc8 39. Rxf7+ Kg8 40. Re7 Kf8 41.
Qb3 d5 42. Nxd5 Be6 43. Qb8+ Bc8 44. Rc7 Qe8 45. Rxc8 Qxc8 46. Qxc8+ Kf7 47.
Qd7+ Kg8 48. Qe8+ Kh7 49. Qf7+ Bg7 50. Qxg7# 1-0

[Event "IBCA World Individual Chess Championship"]
[Site "Rzeszow"]
[Date "2025.??.??"]
[Round "3.27"]
[White "Madjeric, Miroslav"]
[Black "Horbalova, Ivana"]
[Result "1-0"]
[WhiteElo "1719"]
[BlackElo "1528"]
[PlyCount "89"]
[EventDate "2025.??.??"]

1. d4 g6 2. c4 Bg7 3. Nf3 c5 4. d5 d6 5. e4 Nf6 6. Nc3 Nbd7 7. Be2 O-O 8. O-O
Ne8 9. Qc2 h6 10. h3 g5 11. Be3 Ne5 12. Nxe5 Bxe5 13. f4 Bf6 14. fxg5 Bxg5 15.
Bxg5 hxg5 16. Rf3 Ng7 17. Raf1 Qd7 18. Rg3 f6 19. Bg4 Qe8 20. Qe2 Bxg4 21. Qxg4
Qh5 22. Qd7 Rae8 23. Rgf3 Kh7 24. a3 Qg6 25. Qg4 Nh5 26. Nb5 Nf4 27. Re3 Rh8
28. g3 Nxh3+ 29. Qxh3+ Kg7 30. Qg2 g4 31. Nc7 Reg8 32. Ree1 Rh6 33. Kf2 Rgh8
34. Rh1 f5 35. Ne6+ Kf7 36. Rxh6 Rxh6 37. Nf4 Qf6 38. Kf1 Qd4 39. exf5 Qxc4+
40. Ne2 Qc2 41. Kg1 Qd2 42. Qf2 Qxb2 43. Qe3 Rf6 44. Nc3 Qxa3 45. Qxe7+ 1-0

[Event "IBCA World Individual Chess Championship"]
[Site "Rzeszow"]
[Date "2025.??.??"]
[Round "3.28"]
[White "Dilkova, Ilinka"]
[Black "Sharofova, Raykhona"]
[Result "1-0"]
[WhiteElo "1606"]
[BlackElo "1446"]
[PlyCount "51"]
[EventDate "2025.??.??"]

1. d4 c5 2. d5 d6 3. Nf3 g6 4. Bf4 Bg7 5. c3 Nf6 6. e4 Nxe4 7. Qa4+ Nd7 8. Qxe4
O-O 9. Be2 Nf6 10. Qd3 Bf5 11. Qd2 Qb6 12. Na3 Ne4 13. Qc1 e5 14. Be3 Nf6 15.
Nc4 Qd8 16. Bg5 h6 17. Bxf6 Qxf6 18. Ne3 e4 19. Nd2 h5 20. Nxf5 Qxf5 21. Qc2
Qxd5 22. Qxe4 Qg5 23. h4 Qh6 24. Qe3 Qxe3 25. fxe3 Rfe8 26. O-O 1-0

[Event "IBCA World Individual Chess Championship"]
[Site "Rzeszow"]
[Date "2025.??.??"]
[Round "4.1"]
[White "Pulvett Marin, Daniel Eduardo"]
[Black "Nikac, Predrag"]
[Result "1/2-1/2"]
[WhiteElo "2483"]
[BlackElo "2231"]
[PlyCount "36"]
[EventDate "2025.??.??"]

1. e4 c5 2. Nc3 Nc6 3. Nge2 d6 4. d4 cxd4 5. Nxd4 Nf6 6. Bc4 e6 7. Be3 Be7 8.
Qe2 O-O 9. O-O-O Qc7 10. Bb3 a6 11. g4 Nxd4 12. Rxd4 b5 13. g5 Nd7 14. Rg1 Nc5
15. Qh5 g6 16. Qh6 Rd8 17. Rg3 Bf8 18. Qh4 Be7 1/2-1/2

[Event "IBCA World Individual Chess Championship"]
[Site "Rzeszow"]
[Date "2025.??.??"]
[Round "4.2"]
[White "Tazbir, Marcin"]
[Black "Wolanski, Michal"]
[Result "1-0"]
[WhiteElo "2529"]
[BlackElo "1990"]
[PlyCount "57"]
[EventDate "2025.??.??"]

1. e4 c5 2. Nf3 g6 3. g3 Bg7 4. Bg2 Nc6 5. O-O e5 6. c3 Nge7 7. d3 O-O 8. a3 a5
9. a4 d6 10. Na3 h6 11. Nb5 Be6 12. Nd2 d5 13. Qe2 f5 14. f4 fxe4 15. dxe4 d4
16. Nf3 Kh7 17. Bd2 Nc8 18. f5 gxf5 19. exf5 Bd5 20. Ng5+ Kg8 21. Bxd5+ Qxd5
22. Ne6 Rf6 23. Nbc7 Qd6 24. Nxa8 N8e7 25. Nac7 Nxf5 26. Nxg7 Nxg7 27. Rxf6
Qxf6 28. Rf1 Qd6 29. Qc4+ 1-0

[Event "IBCA World Individual Chess Championship"]
[Site "Rzeszow"]
[Date "2025.??.??"]
[Round "4.3"]
[White "Kimsanboyev, Axadxon"]
[Black "Dukaczewski, Piotr"]
[Result "1/2-1/2"]
[WhiteElo "1993"]
[BlackElo "2164"]
[PlyCount "65"]
[EventDate "2025.??.??"]

1. d4 d6 2. Nf3 f5 3. Bf4 Nf6 4. e3 g6 5. Be2 Bg7 6. O-O O-O 7. h3 c6 8. c4 h6
9. Nc3 Nbd7 10. Qc2 Nh5 11. Bh2 e5 12. dxe5 dxe5 13. g4 e4 14. Nxe4 fxe4 15.
Qxe4 Nhf6 16. Qxg6 Qe8 17. Qc2 Ne4 18. Nh4 Ndc5 19. Bf4 Qd8 20. Nf3 Qa5 21. Bd3
Nxd3 22. Qxd3 Re8 23. Rab1 h5 24. b4 Qxa2 25. Ne5 Nd2 26. Rbd1 Nxf1 27. Qg6
Bxg4 28. Rd7 Bxd7 29. Qf7+ Kh8 30. Qxh5+ Kg8 31. Qf7+ Kh8 32. Qh5+ Kg8 33. Qf7+
1/2-1/2

[Event "IBCA World Individual Chess Championship"]
[Site "Rzeszow"]
[Date "2025.??.??"]
[Round "4.4"]
[White "Abiad Parra, Victor"]
[Black "Kishan, Gangolli"]
[Result "1/2-1/2"]
[WhiteElo "1930"]
[BlackElo "2026"]
[PlyCount "35"]
[EventDate "2025.??.??"]

1. e4 e6 2. d4 d5 3. Bd3 dxe4 4. Bxe4 Nf6 5. Bf3 c5 6. Ne2 Be7 7. Nbc3 O-O 8.
O-O Nc6 9. Be3 cxd4 10. Nxd4 Ne5 11. Be2 Bd7 12. f4 Ng6 13. Bf3 Qc7 14. g3 e5
15. fxe5 Nxe5 16. Nd5 Nxd5 17. Bxd5 Bh3 18. Bg2 1/2-1/2

[Event "IBCA World Individual Chess Championship"]
[Site "Rzeszow"]
[Date "2025.??.??"]
[Round "4.5"]
[White "Dima, Mihai"]
[Black "Mueller, Dominik"]
[Result "1/2-1/2"]
[WhiteElo "1962"]
[BlackElo "2247"]
[PlyCount "52"]
[EventDate "2025.??.??"]

1. e4 e5 2. Nf3 Nc6 3. Bc4 Bc5 4. O-O Nf6 5. d3 O-O 6. c3 d6 7. h3 h6 8. Re1 a6
9. a4 Ba7 10. Nbd2 Re8 11. Qb3 Rf8 12. Qd1 Be6 13. Bxe6 fxe6 14. Nf1 Nh5 15.
Be3 Nf4 16. Bxa7 Rxa7 17. Ng3 Qf6 18. Re3 d5 19. d4 exd4 20. cxd4 Raa8 21. e5
Qe7 22. Qd2 a5 23. Ne2 Nxe2+ 24. Rxe2 Rxf3 25. gxf3 Qh4 26. Rd1 Rf8 1/2-1/2

[Event "IBCA World Individual Chess Championship"]
[Site "Rzeszow"]
[Date "2025.??.??"]
[Round "4.6"]
[White "Falkowski, Dawid"]
[Black "Magnusson, Jorgen"]
[Result "0-1"]
[WhiteElo "1971"]
[BlackElo "2237"]
[PlyCount "83"]
[EventDate "2025.??.??"]

1. e4 g6 2. Nc3 d6 3. d4 c6 4. f4 d5 5. e5 Bf5 6. Be3 h5 7. Nf3 e6 8. a3 b5 9.
b4 a5 10. Na2 Na6 11. c3 a4 12. Nc1 Nb8 13. Bd3 Nh6 14. Qd2 Nd7 15. Bf2 Be7 16.
Ng5 Nb6 17. O-O Bxd3 18. Nxd3 Nc4 19. Qc1 Qd7 20. Nb2 Nxb2 21. Qxb2 O-O-O 22.
Rae1 Rdf8 23. Qc2 Bd8 24. Re2 Nf5 25. Rfe1 h4 26. Qd3 Bxg5 27. fxg5 Qe7 28. Be3
Nxe3 29. Qxe3 Rh5 30. Rf2 Rxg5 31. Rf6 Rh5 32. Rff1 Kd8 33. Qf3 Ke8 34. Qg4
Rfh8 35. c4 bxc4 36. Qd1 Rf5 37. Qxa4 Qb7 38. Qa5 Kf8 39. Rxf5 gxf5 40. Qd8+
Kg7 41. Qf6+ Kg8 42. g4 0-1

[Event "IBCA World Individual Chess Championship"]
[Site "Rzeszow"]
[Date "2025.??.??"]
[Round "4.7"]
[White "Eichstaedt, Mirko"]
[Black "Aryan, B Joshi"]
[Result "1-0"]
[WhiteElo "2205"]
[BlackElo "1968"]
[PlyCount "52"]
[EventDate "2025.??.??"]

1. e4 c5 2. Nc3 g6 3. g3 Bg7 4. Bg2 Nc6 5. d3 d6 6. Be3 Nf6 7. h3 Rb8 8. Qd2 h5
9. Nge2 Bd7 10. f4 Qc8 11. Nd1 Qc7 12. c3 e6 13. Nf2 a5 14. O-O O-O 15. a3 Qc8
16. b4 b6 17. g4 hxg4 18. hxg4 Kh7 19. Ng3 Rh8 20. g5 Ne8 21. Ng4 f5 22. gxf6
Nxf6 23. Nxf6+ Bxf6 24. e5 dxe5 25. Ne4 Be7 26. fxe5 Kg7 1-0

[Event "IBCA World Individual Chess Championship"]
[Site "Rzeszow"]
[Date "2025.??.??"]
[Round "4.8"]
[White "Egeman, Emilia"]
[Black "Stachanczyk, Jacek"]
[Result "0-1"]
[WhiteElo "1933"]
[BlackElo "2122"]
[PlyCount "106"]
[EventDate "2025.??.??"]

1. e4 c5 2. Nc3 Nc6 3. f4 e6 4. Bb5 Nge7 5. Nf3 a6 6. Bxc6 Nxc6 7. O-O Be7 8.
Kh1 O-O 9. d3 b5 10. a3 Bb7 11. Qe1 d5 12. e5 Qd7 13. Ne2 f6 14. d4 Rac8 15.
Be3 cxd4 16. Nexd4 f5 17. Bd2 Bc5 18. Bc3 Rfe8 19. Rc1 Rc7 20. Nxc6 Qxc6 21.
Nd4 Bxd4 22. Bxd4 Qc4 23. Qc3 Rec8 24. Qd2 Qc6 25. Rf3 Qd7 26. b4 Qc6 27. Rc3
Qe8 28. Rxc7 Rxc7 29. c3 Qc6 30. Bc5 h6 31. h3 Kh7 32. Kh2 g6 33. Rg1 Rg7 34.
Qf2 d4 35. Bxd4 g5 36. Qf3 Qc4 37. Qf1 Qxf1 38. Rxf1 gxf4 39. Rf2 Rg3 40. Rc2
Bd5 41. Bc5 h5 42. Be7 Kg6 43. Bh4 Re3 44. g3 f3 45. g4 hxg4 46. hxg4 f4 47.
Bf2 Rxe5 48. Bd4 Re1 49. Bf2 Rd1 50. a4 e5 51. axb5 axb5 52. Bg1 e4 53. Ra2
Bxa2 0-1

[Event "IBCA World Individual Chess Championship"]
[Site "Rzeszow"]
[Date "2025.??.??"]
[Round "4.9"]
[White "Salamon, Julia"]
[Black "Jumadullayev, Kuanishbek"]
[Result "1/2-1/2"]
[WhiteElo "1954"]
[BlackElo "2082"]
[PlyCount "198"]
[EventDate "2025.??.??"]

1. d4 Nf6 2. c4 e6 3. Nf3 Bb4+ 4. Nbd2 d5 5. Qa4+ Nc6 6. a3 Be7 7. e3 O-O 8.
Qc2 a5 9. Nb1 Ne4 10. Bd3 f5 11. Nc3 Kh8 12. O-O Bf6 13. cxd5 exd5 14. Qb3 Nxc3
15. bxc3 b6 16. Qc2 Be6 17. a4 g6 18. Ba3 Rf7 19. Bb5 Nb8 20. Rad1 c6 21. Bd3
Qc7 22. c4 dxc4 23. Bxc4 Bxc4 24. Qxc4 Na6 25. Rc1 c5 26. dxc5 Nxc5 27. Bxc5
Rc8 28. Qb3 bxc5 29. Rxc5 Qxc5 30. Qxf7 Rf8 31. Qb3 Qb4 32. Qc2 Qc3 33. Qxc3
Bxc3 34. Rc1 Rb8 35. Kf1 Rb3 36. Rc2 Ra3 37. Ke2 Bb4 38. Nd4 Rxa4 39. Kd3 Ra1
40. Ne6 Kg8 41. Kd4 Rd1+ 42. Ke5 Rd7 43. Rc8+ Kf7 44. Nd8+ Kg7 45. Ne6+ Kh6 46.
Rc4 Bd6+ 47. Kf6 Be7+ 48. Ke5 Ra7 49. Ra4 Bb4 50. Nd4 Ra6 51. h3 Be1 52. f4 Ra8
53. e4 fxe4 54. Kxe4 Re8+ 55. Kf3 Bc3 56. Ne2 Bb4 57. g4 Bd2 58. Ra3 Bb4 59.
Ra4 Kg7 60. Nd4 Rc8 61. Ne2 Kf6 62. Ra2 Ra8 63. g5+ Ke6 64. Ke4 a4 65. Nd4+ Kd6
66. f5 gxf5+ 67. Nxf5+ Kc5 68. Rc2+ Kb6 69. Rb2 Ka5 70. Nd4 Rc8 71. Nc2 Rc4+
72. Kd3 Rc3+ 73. Kd4 Rb3 74. Rxb3 axb3 75. Ne3 Ka4 76. Nc4 Be1 77. Nb2+ Ka3 78.
Nc4+ Ka2 79. Ke5 Kb1 80. h4 Kc2 81. h5 Kc3 82. Kd5 Bh4 83. g6 hxg6 84. hxg6 Bf6
85. Na3 b2 86. Ke6 Bh8 87. Kf7 Kb3 88. Nb1 Ka2 89. Nd2 Bc3 90. g7 Bxd2 91. g8=Q
b1=Q 92. Qa8+ Kb3 93. Qb7+ Bb4 94. Qd5+ Ka3 95. Qa8+ Kb2 96. Qg2+ Ka1 97. Qa8+
Kb2 98. Qg2+ Kb3 99. Qd5+ Kb2 1/2-1/2

[Event "IBCA World Individual Chess Championship"]
[Site "Rzeszow"]
[Date "2025.??.??"]
[Round "4.10"]
[White "Fernandez Lago, David"]
[Black "Abdullayev, Amrillo"]
[Result "1-0"]
[WhiteElo "2080"]
[BlackElo "1914"]
[PlyCount "79"]
[EventDate "2025.??.??"]

1. e4 c5 2. Nf3 Nc6 3. d4 cxd4 4. Nxd4 g6 5. c4 Nf6 6. Nc3 Nxd4 7. Qxd4 d6 8.
Be3 Bg7 9. f3 O-O 10. Qd2 Be6 11. Rc1 a6 12. b3 Qa5 13. Be2 Rfc8 14. Na4 Qxd2+
15. Kxd2 Nd7 16. g4 Rc6 17. f4 Nc5 18. Nxc5 dxc5 19. Bf3 Rd8+ 20. Ke2 Bd4 21.
e5 Rc7 22. Rhd1 b6 23. Bxd4 cxd4 24. h3 a5 25. a4 Kg7 26. Rd3 f6 27. exf6+ exf6
28. Rcd1 Rcd7 29. Be4 Rd6 30. Kf2 f5 31. Bf3 h6 32. Kg3 Kf6 33. Re1 Rc8 34. Bb7
Rc7 35. Bf3 g5 36. Red1 Rcd7 37. Bd5 gxf4+ 38. Kxf4 fxg4 39. hxg4 Bxd5 40. Rxd4
1-0

[Event "IBCA World Individual Chess Championship"]
[Site "Rzeszow"]
[Date "2025.??.??"]
[Round "4.12"]
[White "Pribeanu, Mihail-Dacian"]
[Black "Migala, Andrzej"]
[Result "1-0"]
[WhiteElo "2140"]
[BlackElo "1884"]
[PlyCount "45"]
[EventDate "2025.??.??"]

1. e4 c5 2. Nf3 d6 3. Bc4 e6 4. O-O Nf6 5. Re1 a6 6. a4 Be7 7. Bb3 Nc6 8. c3
O-O 9. d4 b6 10. Nbd2 Bb7 11. Nf1 cxd4 12. cxd4 Na5 13. Bc2 Rc8 14. Bg5 Rc7 15.
Ng3 Qa8 16. Qd3 g6 17. h4 Rfc8 18. Bb1 d5 19. e5 Ne4 20. Bxe7 Rxe7 21. Qe3 Rec7
22. Qh6 f6 23. exf6 1-0

[Event "IBCA World Individual Chess Championship"]
[Site "Rzeszow"]
[Date "2025.??.??"]
[Round "4.13"]
[White "Racis, Michal"]
[Black "Horbal, Jozef"]
[Result "1-0"]
[WhiteElo "2104"]
[BlackElo "1829"]
[PlyCount "111"]
[EventDate "2025.??.??"]

1. d4 c5 2. d5 e5 3. e4 d6 4. Nf3 g6 5. Be2 Bh6 6. c4 Bxc1 7. Qxc1 Qf6 8. Nc3
a6 9. O-O Ne7 10. Na4 Nd7 11. b4 O-O 12. bxc5 dxc5 13. Rb1 Qd6 14. Qb2 f6 15.
Ne1 Rb8 16. Nb6 Nxb6 17. Qxb6 Qxb6 18. Rxb6 Bd7 19. Nd3 Nc8 20. Rb2 b6 21. Nxc5
Rf7 22. Nxa6 Ra8 23. c5 bxc5 24. Nxc5 Nd6 25. Rfb1 Ra5 26. Nb3 Ra3 27. f3 f5
28. Nc5 fxe4 29. Nxe4 Nxe4 30. fxe4 Re3 31. Bf3 Ba4 32. Rb8+ Kg7 33. R8b7 Re1+
34. Rxe1 Rxb7 35. Re2 Kf7 36. Rd2 Ke7 37. Kf2 Kd6 38. h4 h5 39. g4 hxg4 40.
Bxg4 Rf7+ 41. Kg3 Rf1 42. Bf3 Rc1 43. Rb2 Be8 44. Kh2 Re1 45. Bg2 Bf7 46. Kg3
Rc1 47. Kf2 Ra1 48. Rb6+ Ke7 49. Ra6 Rc1 50. Kg3 Rc3+ 51. Kh2 Rc8 52. Ra7+ Kf6
53. a4 Rb8 54. Bf3 Rh8 55. Kg3 Rh6 56. Bg4 1-0

[Event "IBCA World Individual Chess Championship"]
[Site "Rzeszow"]
[Date "2025.??.??"]
[Round "4.14"]
[White "Deville, Olivier"]
[Black "Casadei, Marco"]
[Result "0-1"]
[WhiteElo "1833"]
[BlackElo "2011"]
[PlyCount "25"]
[EventDate "2025.??.??"]

1. d4 Nf6 2. c4 g6 3. Nc3 Bg7 4. e4 d6 5. Nf3 O-O 6. Be2 e5 7. Be3 Ng4 8. Bg5
f6 9. Bh4 g5 10. Bg3 h5 11. h4 gxh4 12. Bxh4 Qe8 13. dxe5 0-1

[Event "IBCA World Individual Chess Championship"]
[Site "Rzeszow"]
[Date "2025.??.??"]
[Round "4.17"]
[White "Kulpinski, Piotr"]
[Black "Chojnowski, Marcin"]
[Result "0-1"]
[WhiteElo "1827"]
[BlackElo "1935"]
[PlyCount "66"]
[EventDate "2025.??.??"]

1. d4 Nf6 2. c4 g6 3. Nc3 Bg7 4. e4 d6 5. Be2 O-O 6. Bg5 c5 7. d5 a6 8. h3 b5
9. cxb5 axb5 10. Bxf6 Bxf6 11. Bxb5 Qa5 12. Nge2 Ba6 13. Bxa6 Nxa6 14. O-O Rfb8
15. Rb1 Nc7 16. a3 Nb5 17. Nxb5 Qxb5 18. b4 Qc4 19. Rc1 Qxe4 20. bxc5 dxc5 21.
Rxc5 Be5 22. Re1 Rxa3 23. Qc2 Qb4 24. Rd1 Rb3 25. Rc8+ Rxc8 26. Qxc8+ Kg7 27.
Qc2 h5 28. g3 h4 29. f4 Bd6 30. Qd2 Bc5+ 31. Kf1 Rf3+ 32. Kg2 Rf2+ 33. Kh1 Qe4+
0-1

[Event "IBCA World Individual Chess Championship"]
[Site "Rzeszow"]
[Date "2025.??.??"]
[Round "4.18"]
[White "Ikromalieva, Sabokhat"]
[Black "Hahnewald, Uwe"]
[Result "0-1"]
[WhiteElo "1574"]
[BlackElo "1933"]
[PlyCount "62"]
[EventDate "2025.??.??"]

1. d4 d5 2. e3 Nf6 3. Bd3 e6 4. Nd2 c5 5. c3 Nc6 6. f4 Bd6 7. Nh3 b6 8. O-O Bb7
9. Qc2 Ne7 10. Ng5 h6 11. Nh3 Qd7 12. e4 dxe4 13. Nxe4 Nxe4 14. Bxe4 Bxe4 15.
Qxe4 Qc6 16. Nf2 cxd4 17. Qxd4 Bc5 18. Qe5 Rd8 19. Qe2 Nf5 20. Kh1 O-O 21. Bd2
Rd7 22. Nd3 Qd5 23. Nxc5 Qxd2 24. Qxd2 Rxd2 25. Na4 Ne3 26. Rg1 Rfd8 27. b3
R8d3 28. g3 Ng4 29. Rg2 Nf2+ 30. Kg1 Nh3+ 31. Kf1 Rf3+ 0-1

[Event "IBCA World Individual Chess Championship"]
[Site "Rzeszow"]
[Date "2025.??.??"]
[Round "4.19"]
[White "Gulamov, Ilkhom"]
[Black "Kuanyshuly, Nurgisa"]
[Result "1/2-1/2"]
[WhiteElo "1910"]
[BlackElo "1767"]
[PlyCount "59"]
[EventDate "2025.??.??"]

1. e4 e5 2. Nf3 Nc6 3. Bc4 Nf6 4. d3 Bc5 5. O-O a6 6. a4 Ba7 7. c3 O-O 8. Re1
d6 9. Nbd2 Ne7 10. Nf1 Ng6 11. Be3 Be6 12. Bxe6 fxe6 13. Qb3 Qd7 14. Bxa7 Rxa7
15. a5 c6 16. d4 exd4 17. cxd4 Raa8 18. N1d2 d5 19. Qe3 Rae8 20. e5 Ng4 21. Qg5
Nh6 22. Qe3 Qe7 23. g3 Nf5 24. Qc3 Rf7 25. Ra4 Ref8 26. Qb4 Qd8 27. Qb6 Qe7 28.
Qb4 Qd8 29. Qb6 Qe7 30. Qb4 1/2-1/2